| 000 | 00570nam a2200229Ia 4500 | ||
|---|---|---|---|
| 003 | OSt | ||
| 005 | 20220918231328.0 | ||
| 006 | a|||||r|||| 00| 0 | ||
| 007 | ta | ||
| 008 | 220917b |||||||| |||| 00| 0 eng d | ||
| 024 | _a278,600 | ||
| 037 | _cTextual | ||
| 040 |
_aARTS _cARTS _beng |
||
| 041 |
_2eng _aeng |
||
| 082 | _aP44, 111G8 | ||
| 100 |
_aBailey TGrahame _9154258 |
||
| 245 | 0 | _aStudies in North Indian languages | |
| 260 | _c1938 | ||
| 300 |
_a280p. _ccm. |
||
| 942 |
_hP44, 111G8 _cTEXL _2CC |
||
| 999 |
_c290623 _d290623 |
||